000
00305nam a2200109Ia 4500
008
200302s9999 xx 000 0 und d
100
_a
Envyclopedic Edition
245
_a
The new International Webster's Comprehensive Dictionary
260
_b
Trident Press International
260
_c
1996
300
_a
1895 P.,
999
_c
973
_d
973